000
00225nam a22001097a 4500
082
_a
823/AMI
100
_a
Amish
245
_a
IDOLS
260
_a
Haryana
_b
Harper Collins Publishers
_c
2023
650
_a
Fiction
942
_c
BK
999
_c
66517
_d
66517